| 000 | 01043nam a22002417a 4500 | ||
|---|---|---|---|
| 005 | 20240530110342.0 | ||
| 008 | 141117s2009 sp o gr 000 0 ara d | ||
| 017 |
_a2001-47552-M _bاسبانيا . البيت العربى و المعهد الدولى للدراسات العربية و دراسات العالم الاسلامى |
||
| 020 | _a9788461554171 | ||
| 040 | _aEG-CaGPL | ||
| 041 | 0 | _aara | |
| 082 | 0 | 4 |
_221 _a739.27\ _bم ح |
| 100 | 1 | _aمثاريدو ، خورخى ديثكايار دى | |
| 245 | 1 | 0 |
_aحلى امازيغية / _cخورخى ديثكايار دى مثاريدو |
| 260 |
_aاسبانيا : _bالبيت العربى و المعهد الدولى للدراسات العربية و دراسات العالم الاسلامى ، _c2009 |
||
| 300 |
_a202 ص : _bصور لو ؛ _c24 سم |
||
| 650 | 0 | 4 | _aالاحجار الكريمة |
| 650 | 0 | 4 | _aاشغال المعادن النفيسة |
| 650 | 0 | 4 | _aالمجوهرات |
| 650 | 0 | 4 |
_aالحلى _xمعارض |
| 942 |
_2ddc _cBK |
||
| 999 |
_c59897 _d59897 |
||